Modern-Day Countries of the Golden Horde Khanate with a Map - Statistics

General Stats
  • This quiz has been taken 4,375 times
  • The average score is 11 of 11
Answers on the Map
Answers color-coded by a green-red scale on the quiz's map according to % correct below.
 
Answer Stats
Countries % Correct
Russia
100%
Finland
99%
Kazakhstan
99%
Ukraine
99%
Belarus
98%
Moldova
98%
Poland
98%
Romania
98%
Uzbekistan
97%
Turkmenistan
96%
Estonia
81%
No matching quizzes found
Score Distribution
Percent of People with Each Score
Percentile by Number Answered
Your Score History
You have not taken this quiz